000 00317nam a2200109Ia 4500
008 201231s9999 xx 000 0 und d
100 _aHorngren, Charles T., Foster, George and Datar, Srikant M.
245 0 _aCost Accounting : A Managerial Emphasis
260 _aNew Delhi
_bPrentice Hall
300 _a967
942 _cBK
999 _c9276
_d9276